Selected Aspects of Environmentally Responsible Behaviour of Businesses in Slovakia

Problematika týkajúca sa environmentálne zodpovedného správania podnikov vo vzťahu k spotrebiteľom. Produktové charakteristiky a ich význam pri ovplyvňovaní rozhodovania spotrebiteľov o nákupe produktov. Faktory vplývajúce na správanie spotrebiteľov. Dotazníkový prieskum a vyhodnotenie údajov.

Gespeichert in:
Bibliographische Detailangaben
1. Verfasser: Matiová, Veronika
Weitere Verfasser: Musová, Zdenka
Format: Buchkapitel
Sprache:Slowakisch
Schlagworte:
Tags: Tag hinzufügen
Keine Tags, Fügen Sie das erste Tag hinzu!

MARC

LEADER 00000naa$a2200000$$$4500
001 0260250
005 20220317124557.4
041 0 |a slo 
044 |a CZ 
245 1 0 |a Selected Aspects of Environmentally Responsible Behaviour of Businesses in Slovakia  |c Veronika Matiová, Zdenka Musová 
520 |a Problematika týkajúca sa environmentálne zodpovedného správania podnikov vo vzťahu k spotrebiteľom. Produktové charakteristiky a ich význam pri ovplyvňovaní rozhodovania spotrebiteľov o nákupe produktov. Faktory vplývajúce na správanie spotrebiteľov. Dotazníkový prieskum a vyhodnotenie údajov. 
610 2 0 |a zodpovednosť podniku spoločenská 
610 2 0 |a prostredie životné 
610 2 0 |a produkty environmentálne 
610 2 0 |a správanie spotrebiteľa 
610 2 0 |a Slovensko 
610 2 0 |a environmentalistika 
100 1 |a Matiová, Veronika 
700 1 |a Musová, Zdenka